000
00228nam a2200097Ia 4500
008
240331s9999 xx 000 0 und d
082
_b
Ari
100
_a
Tamil University. ed
245
0
_a
Ariviyal Kalanchiyam :
_b
Part I
942
_c
L
999
_c
3265
_d
3265